East Bay Parks Quiz Stats

 Plays Quiz not verified by Sporcle

Also try: Arizona Cities
Challenge
Share
Tweet
Embed
Score 0/59 Timer 10:00
0 Plays Today
Hint Answer % Correct
Briones Regional Park
98%
Anthony Chabot Regional Park
96%
Ardenwood Historic Farm
96%
Dry Creek Pioneer Regional Park
96%
Garin Regional Park
96%
Hayward Regional Shoreline
96%
Huckleberry Botanic Regional Preserve
96%
Las Trampas Regional Wilderness
96%
Leona Canyon Regional Open Space Preserve
96%
Pleasanton Ridge Regional Park
96%
Redwood Regional Park
96%
Roberts Regional Recreation Area
96%
Tilden Regional Park
96%
Wildcat Canyon Regional Park
96%
Middle Harbor
95%
Antioch-Oakley Regional Shoreline
94%
Big Break Regional Shoreline
94%
Bay Point Regional Shoreline
94%
Black Diamond Mines Regional Preserve
94%
Browns Island
94%
Carquinez Strait Regional Shoreline
94%
Diablo Foothills Regional Park
94%
Don Castro Regional Recreation Area
94%
Morgan Territory Regional Preserve
94%
Point Isabel Regional Shoreline
94%
Point Pinole Regional Shoreline
94%
Vasco Caves Regional Preserve
94%
Waterbird Regional Preserve
94%
Brooks Island Regional Preserve
92%
Castle Rock Regional Recreation Area
92%
Hint Answer % Correct
Coyote Hills Regional Park
92%
Crockett Hills Regional Park
92%
Del Valle Regional Park
92%
Dublin Hills Regional Park
92%
Five Canyons Open Space
92%
Lake Chabot Regional Park
92%
Martin Luther King Jr. Regional Shoreline
92%
Martinez Regional Shoreline
92%
Mission Peak Regional Preserve
92%
Oyster Bay Regional Shoreline
92%
Quarry Lakes Regional Recreation Area
92%
Shadow Cliffs Regional Recreation Area
92%
Sibley Volcanic Regional Preserve
92%
Sunol Regional Wilderness
92%
Bishop Ranch Regional Preserve
90%
Cull Canyon Regional Recreation Area
90%
McLaughlin Eastshore State Park
90%
Miller-Knox Regional Shoreline
90%
Ohlone Regional Wilderness
90%
Brushy Peak Regional Preserve
88%
Crown Memorial State Beach
88%
Sycamore Valley Open Space Preserve
88%
Temescal Regional Recreation Area
88%
Contra Loma Regional Park
86%
Claremont Canyon Regional Preserve
86%
Kennedy Grove Regional Recreation Area
86%
Round Valley Regional Preserve
86%
Sobrante Ridge Regional Preserve
86%
Vargas Plateau Regional Park
82%

You're not logged in!

Compare scores with friends on all Sporcle quizzes.
OR
Log In

You Might Also Like...

Show Comments

Extras

Created Aug 19, 2014SourceReportNominate
Tags:bay, east, park, regional

Top Quizzes Today


Score Distribution

Your Account Isn't Verified!

In order to create a playlist on Sporcle, you need to verify the email address you used during registration. Go to your Sporcle Settings to finish the process.

Report this User

Report this user for behavior that violates our Community Guidelines.

Details: